Loading...
| Current Events | 3 | 13.33 | 100% | 33% | 0% |
| Fine Arts - Classical Music | 3 | 16.67 | 100% | 33% | 33% |
| Fine Arts - Other Fine Arts | 6 | 18.33 | 100% | 83% | 0% |
| Geography | 4 | 22.50 | 100% | 75% | 50% |
| History - American History | 5 | 24.00 | 100% | 80% | 60% |
| History - European History | 6 | 25.00 | 100% | 67% | 83% |
| History - Other History | 5 | 22.00 | 100% | 80% | 40% |
| History - World History | 6 | 28.33 | 100% | 83% | 100% |
| Literature - American Literature | 5 | 24.00 | 100% | 100% | 40% |
| Literature - British Literature | 6 | 18.33 | 83% | 83% | 17% |
| Literature - European Literature | 6 | 16.67 | 100% | 67% | 0% |
| Literature - World Literature | 8 | 22.50 | 100% | 88% | 38% |
| Mythology | 6 | 30.00 | 100% | 100% | 100% |
| Painting/Sculpture | 6 | 23.33 | 100% | 83% | 50% |
| Philosophy | 6 | 25.00 | 100% | 83% | 67% |
| Pop Culture | 2 | 10.00 | 100% | 0% | 0% |
| Religion | 6 | 20.00 | 83% | 83% | 33% |
| Science - Biology | 6 | 28.33 | 100% | 83% | 100% |
| Science - Chemistry | 5 | 22.00 | 100% | 100% | 20% |
| Science - Other Science | 9 | 21.11 | 100% | 78% | 33% |
| Science - Physics | 7 | 24.29 | 100% | 86% | 57% |
| Social Science | 6 | 18.33 | 100% | 50% | 33% |